[Event "Confronto de Geracoes 2022"]
[Site "Sao Paulo"]
[Date "2022.02.05"]
[Round "3.2"]
[White "Vescovi, Giovanni"]
[Black "Fier, Alexandr"]
[Result "1/2-1/2"]
[WhiteElo "2606"]
[BlackElo "2572"]
[Annotator "TA"]
[PlyCount "163"]
[EventDate "2022.02.04"]
[EventType "schev"]
[EventCountry "BRA"]
[SourceTitle "playchess.com"]
[Source "ChessBase"]
[SourceQuality "1"]

{[%evp 25,162,0,0,-21,-20,-16,21,29,44,56,45,50,43,47,56,41,72,62,68,65,137,144,122,145,132,136,117,114,113,114,120,89,91,100,96,55,54,35,82,74,98,102,118,15,14,3,9,10,50,45,54,39,63,24,21,0,0,0,0,0,0,0,8,0,0,0,0,0,0,0,0,0,0,0,0,0,156,162,162,80,99,0,0,0,0,0,-28000,-28000,-28000,-28000,-28000,-28000,-28000,-28000,-28000,-28000,-28000,-28000,-28000,-28000,-28000,-28000,-28000,-28000,-28000,-28000,-28000,-28000,-28000,-28000,-28000,-28000,-28000,-28000,-28000,-28000,-28000,-28000,-28000,-28000,-28000,-28000,-28000,-28000,-28000,-28000,-28000,-28000,-28000,-28000,-28000,-28000,-28000,-28000,-28000,-28000,-28000,-28000,-28000]} 1. d4 d5 2. Nf3 Nf6 3. c4 e6 4. g3 Bb4+ 5. Bd2 Be7 6. Bg2 O-O 7. O-O Nbd7 8. Qc2 c6 9. Rd1 b6 10. Bf4 Ba6 11. b3 Rc8 12. Nc3 h6 {12...dxc4 is the modern continuation.} 13. e4 {13.h3 is vanishing.} dxc4 14. h3 {E15: Queen's Indian: 4 g3 sidelines, 4 g3 Ba6 and 4 g3 Bb7 early deviations.} Bb4 15. Nd2 Qe7 (15... Nh5 $5 {[%cal Rh5f4]}) 16. Nxc4 {The position is equal.} Bxc4 17. bxc4 e5 {[#]} 18. Be3 $146 ({Predecessor:} 18. dxe5 Nxe5 19. Ne2 Rfd8 20. Be3 Rxd1+ 21. Rxd1 Bc5 22. Nd4 Rd8 23. Kh1 Bxd4 24. Rxd4 Rxd4 25. Bxd4 {0-1 (51) Vantika,A (2322)-Sargsyan,S (2640) Tsaghkadzor 2021}) 18... exd4 19. Bxd4 Bc5 20. f4 $1 {To avoid Ne5} Rfd8 21. Kh2 Ne8 22. e5 Nf8 (22... Bxd4 $14 23. Rxd4 Nb8) 23. Bxc5 $16 Qxc5 24. Ne4 Qe7 25. c5 {White is much more active. Black has bad knights.} bxc5 26. Qxc5 (26. Nxc5 {seems wilder.} Ne6 27. Nxe6 Qxe6 28. Rxd8 Rxd8 29. Qxc6 g5 30. Qxe6 fxe6 31. fxg5 hxg5 32. Rb1) 26... Qxc5 27. Nxc5 Nc7 28. Nb7 Rxd1 29. Rxd1 Nd5 30. Rc1 ({White should play} 30. h4 $16) 30... Rb8 $14 31. Rxc6 Ne3 (31... Nxf4 $1 $14 {is more appropriate.} 32. gxf4 Rxb7) 32. Rc7 $1 $16 Ne6 33. Rd7 g5 34. fxg5 (34. Be4 $1 $16 {Hoping for f5.} gxf4 35. gxf4) 34... hxg5 $11 35. Be4 Nc4 36. Nd6 Nxe5 {Pair of Knights!} 37. Rxa7 Rb2+ 38. Kg1 Nd4 39. Ra8+ (39. Kf1 {feels hotter.} Rd2 40. Ra5 Nef3 41. Ra3 Ne5 42. Ra8+) 39... Kg7 40. Nf5+ (40. Kf1 {is more complex.} Kf6 41. Ra5 Ke6 42. Ra6 Ke7 43. g4) 40... Nxf5 41. Bxf5 {[%mdl 4096] Endgame KRB-KRN} Nf3+ 42. Kf1 Nd4 43. Bd3 Rd2 44. Ra3 f5 45. Ra7+ Kf6 46. Ra6+ Ke7 47. Ra7+ Kd6 48. Ra6+ Kc7 49. Bc4 Rh2 50. Rg6 Nf3 $2 (50... f4 $11) 51. Bd5 $16 Nd2+ 52. Kg1 (52. Ke1 $18 {and White stays clearly on top.}) 52... Rxh3 53. Rxg5 ({White should try} 53. Kg2 $1 $16 {[%cal Rg2h3]} Rh5 54. Rg7+ Kd6 55. Bf7) 53... f4 $1 $11 54. gxf4 {aiming for Kg2.} Nf3+ 55. Bxf3 Rxf3 {KR-KR. White is now going downhill.} 56. Rf5 {Mate.} Ra3 57. Kg2 Kd6 58. Re5 Rxa2+ 59. Kg3 Ra8 60. Re1 Rg8+ 61. Kh4 Rf8 62. Kg5 Rg8+ 63. Kh6 Rf8 64. Re4 Kd5 65. Re5+ Kd6 $1 66. Re4 Kd5 67. Re5+ {[#]} Kd6 $1 68. Kg5 Rg8+ 69. Kf5 {[#]} Rf8+ $1 70. Kg4 Rg8+ 71. Rg5 Rb8 72. Rg7 Ke6 73. Kg5 Rb5+ 74. Kg6 Rf5 75. Re7+ Kxe7 76. Kxf5 {KP-K} Kf7 77. Ke5 Ke7 78. f5 Kf7 79. f6 Kf8 80. Ke6 Ke8 81. f7+ Kf8 82. Kf6 {Weighted Error Value: White=0.10 (very precise) /Black=0.13 (very precise)} 1/2-1/2

[Event "Confronto de Geracoes 2022"]
[Site "Sao Paulo"]
[Date "2022.02.05"]
[Round "3.3"]
[White "Mekhitarian, Krikor Sevag"]
[Black "Leitao, Rafael"]
[Result "1/2-1/2"]
[WhiteElo "2562"]
[BlackElo "2592"]
[Annotator "TA"]
[PlyCount "101"]
[EventDate "2022.02.04"]
[EventType "schev"]
[EventCountry "BRA"]
[SourceTitle "playchess.com"]
[Source "ChessBase"]
[SourceQuality "1"]

{[%evp 11,101,8,21,12,27,27,29,3,21,10,20,12,20,18,19,19,18,8,10,19,19,14,27,14,8,0,0,-19,-18,-15,-17,-12,0,-1,-9,-8,0,0,0,-33,0,0,0,0,0,0,0,0,0,0,0,0,0,0,0,0,0,0,0,0,0,0,0,0,0,0,0,0,0,0,0,0,0,0,0,0,0,0,0,0,0,0,0,0,0,0,0,0,0,0,0,0]} 1. e4 e5 2. Nf3 Nc6 3. Bc4 Nf6 4. d3 Bc5 5. O-O d6 6. c3 a6 7. a4 {C54: Giuoco Piano: 4 c3 Nf6, main lines with 5 d4 and 5 d3.} Ba7 8. Nbd2 O-O 9. h3 {White has an edge.} h6 10. Re1 Re8 $1 {The main line 10...Re8 scores better than 10...Be6.} 11. b4 Be6 12. Bxe6 Rxe6 13. Qc2 Qd7 14. Nf1 {[%cal Bd2f1,Bf1e3,Be3c4][%mdl 32]} Ne7 15. Be3 Bxe3 16. Nxe3 d5 17. exd5 Nfxd5 18. Nc4 f6 {[#]} 19. Rad1 $146 ({Predecessor:} 19. d4 Qc6 20. Qb3 b5 21. axb5 axb5 22. Rxa8+ Qxa8 23. Ncd2 Ra6 24. dxe5 Ra3 25. Qb2 fxe5 {½-½ (49) Vovk,A (2607)-Lenic,L (2633) Hungary 2019}) 19... Re8 20. Qb3 Ng6 21. Ne3 Nxe3 22. Rxe3 Qf7 23. g3 R6e7 24. Qxf7+ Kxf7 25. Nd2 Nf8 26. Nb3 {The position is equal.} Ne6 27. Kf1 g5 28. d4 exd4 $1 29. Nxd4 Nxd4 30. Rxe7+ Rxe7 31. Rxd4 $11 {[%mdl 4096] Endgame KR-KR} Ke8 32. Rd5 Re4 33. Rc5 Kd7 34. f3 Re6 35. Kf2 b6 36. Rc4 Rc6 37. Rd4+ Ke7 38. c4 a5 39. b5 Re6 40. h4 Re5 41. f4 Rc5 42. Kf3 gxh4 43. gxh4 h5 44. Ke4 Ke6 45. Ke3 Kf5 46. Kf3 Ke6 47. Ke4 Ke7 48. Kd3 Ke6 49. Ke4 Ke7 50. Kd3 Ke6 51. Ke4 {An even fight not without its subleties.  Weighted Error Value: White=0.03 (flawless) /Black=0.02 (flawless)} 1/2-1/2

[Event "Confronto de Geracoes 2022"]
[Site "Sao Paulo"]
[Date "2022.02.06"]
[Round "4.1"]
[White "Vescovi, Giovanni"]
[Black "Supi, Luis Paulo"]
[Result "1/2-1/2"]
[WhiteElo "2606"]
[BlackElo "2581"]
[Annotator "TA"]
[PlyCount "88"]
[EventDate "2022.02.04"]
[EventType "schev"]
[EventCountry "BRA"]
[SourceTitle "playchess.com"]
[Source "ChessBase"]
[SourceQuality "1"]

{[%evp 23,88,38,33,29,29,23,45,30,37,25,32,43,32,-41,0,-64,-62,-43,-74,-53,-74,-58,-69,-70,-75,-89,-63,-130,-127,-177,-134,-202,-193,-301,-296,-435,-426,-517,-546,-463,-146,-176,-183,-108,-82,-125,-65,-185,-47,-47,-97,-66,-52,-35,0,0,0,0,0,0,0,0,0,0,0,0,0]} 1. d4 Nf6 2. c4 g6 3. Nc3 Bg7 4. e4 d6 5. Nf3 {[%cal Bg1f3,Bf3d2,Bd2b1][%mdl 32]} O-O 6. Be2 e5 7. d5 a5 8. Bg5 h6 9. Bh4 Na6 10. Nd2 Bd7 11. O-O Nc5 12. b3 Nfxe4 13. Bxd8 {E92: King's Indian: Classical: 6 Be2 e5: 7 dxe5, 7 Be3 and Petrosian System without 7...Nbd7.} Nxc3 14. Qe1 ({Don't play} 14. Bxc7 Nxd1 15. Rfxd1 (15. Raxd1 Ra6 $17) 15... Ra6 16. Bxa5 Rxa5 $15) 14... Raxd8 $5 {[%mdl 4] A promising side line.} 15. Nb1 {White is slightly better.} Nxe2+ 16. Qxe2 {aiming for Nc3.} e4 17. Nd2 Rde8 {[#]} 18. Qe3 $146 (18. Rae1 $14) ({Predecessor:} 18. Rae1 f5 19. f4 Bd4+ 20. Kh1 Re7 21. Nb1 b6 22. Qd2 Bf6 23. Nc3 g5 24. g3 {1-0 (41) Mchedlishvili,M (2604)-Firouzja,A (2481) Guilan 2016}) 18... f5 $1 $15 19. f4 (19. Rae1 $11) 19... exf3 $1 20. Qxf3 Bd4+ 21. Kh1 Bxa1 22. Rxa1 f4 23. Qc3 b6 24. Rf1 g5 {[%cal Bg6g5,Bg5g4][%mdl 32]} 25. a3 {[#]} (25. Qa1 $15) 25... Re3 $1 $17 26. Qb2 (26. Qa1 $17) 26... Bf5 (26... Nd3 $19 27. Qb1 Bf5) 27. b4 (27. h3 $17) 27... Nd3 $19 28. Qa1 (28. Qd4 {was the only defense.} axb4 29. axb4) 28... g4 ({Stronger than} 28... axb4 29. axb4 Nxb4 30. Qa7 $17) 29. c5 (29. bxa5 {was necessary.} bxa5 30. Kg1) 29... Re2 30. Qc3 axb4 31. axb4 Re3 $2 (31... dxc5 $19 {and Black stays clearly on top.} 32. bxc5 bxc5) 32. Kg1 $17 bxc5 (32... dxc5 33. bxc5 Nxc5 34. Qd4 $11) 33. bxc5 Nxc5 34. Qd4 (34. Qa5 $142) 34... Bg6 {And now ...Re2 would win.} 35. h3 {[#]} (35. h4 $1 $15) 35... Rd3 ({Weaker is} 35... gxh3 36. Rxf4 Re1+ 37. Kh2 Rxf4 38. Qxf4 hxg2 39. Kxg2 $15) ({Black should try} 35... g3 $1 $19 36. Nf3 Be4) 36. Qb4 $15 gxh3 {Threatens to win with ...Rg3.} 37. Rxf4 Rxf4 38. Qxf4 hxg2 39. Qxh6 {The position is equal.} Bf7 40. Qg5+ Kf8 41. Qd8+ Kg7 42. Qg5+ Kf8 43. Qd8+ Kg7 44. Qg5+ Kf8 {Black had all chances to win.  Weighted Error Value: White=0.37/Black=0.18 (very precise)} 1/2-1/2

[Event "Confronto de Geracoes 2022"]
[Site "Sao Paulo"]
[Date "2022.02.06"]
[Round "4.2"]
[White "Mekhitarian, Krikor Sevag"]
[Black "Milos, Gilberto"]
[Result "1-0"]
[WhiteElo "2562"]
[BlackElo "2575"]
[Annotator "TA"]
[PlyCount "67"]
[EventDate "2022.02.04"]
[EventType "schev"]
[EventCountry "BRA"]
[SourceTitle "playchess.com"]
[Source "ChessBase"]
[SourceQuality "1"]

{[%evp 11,67,12,15,10,18,34,27,19,15,8,15,14,10,25,18,8,12,11,14,19,27,16,47,64,69,58,79,61,90,97,112,110,122,127,187,121,222,225,228,228,929,956,1141,1115,1089,1083,29994,29991,29995,29994,29994,29995,29995,29996,29997,29998,29998,29999]} 1. e4 e5 2. Nf3 Nc6 3. Bc4 Bc5 4. d3 Nf6 5. O-O d6 6. c3 a6 7. a4 {C54: Giuoco Piano: 4 c3 Nf6, main lines with 5 d4 and 5 d3.} Ba7 8. Nbd2 O-O 9. h3 {White has an edge.} h6 10. Re1 Re8 {10...Re8 scores better than 10...Be6.} 11. b4 Be6 12. Bxe6 Rxe6 13. Bb2 Ne7 14. Nf1 {[%cal Bd2f1,Bf1g3,Bg3f5][%mdl 32]} Ng6 15. c4 {[#]} Re8 $146 ({Predecessor:} 15... Nh7 16. Ng3 Ng5 17. Nh2 Nf4 18. d4 a5 19. bxa5 Rg6 20. Ra3 exd4 21. Bc1 Nge6 {1-0 (47) Karjakin,S (2743)-Amin,B (2680) Warsaw 2021}) 16. Ng3 c6 17. d4 Qc7 18. Qb3 a5 19. b5 {Black is on the road to losing.} (19. bxa5 $5 {[%cal Ra1b1]} exd4 20. Nxd4 $14) 19... Nd7 20. Nf5 Rad8 21. Rad1 {White is more active.} exd4 22. N3xd4 ({Resist} 22. Bxd4 $6 Bxd4 23. Rxd4 Nc5 $14) 22... Nc5 (22... Nde5 $16) 23. Qf3 $36 {[%mdl 2048] Black is under strong pressure.} (23. Qc2 $18 {[%cal Of5g7] And now Nxg7! would win.} Ne5 24. Re3) 23... f6 (23... Ne6 $16) 24. Qh5 $18 Ne5 25. Re3 {Hoping for Rg3.} Kh7 $2 {[#]} (25... Nxa4 {[#]} 26. Rg3 $1 g5 27. Nxh6+ Kf8 28. Nhf5 $1 $18) (25... Qf7 26. Nxh6+ (26. Qxf7+ Kxf7 27. Bc3 Rd7 $15) 26... gxh6 27. Qxh6 (27. Rg3+ $2 Kh7 $17) 27... Nxe4) 26. Nxh6 $1 {[%cal Oe3g3][%mdl 512]} gxh6 (26... g6 27. Qh4) 27. Nf5 {Threatening mate with Rg3.} Nf7 28. Bxf6 {[%cal Bb2f6,Bf6e7,Be7f6][%mdl 32] Nh4 would kill now.} Rc8 29. Rxd6 {White mates.} Nxe4 {[#]} 30. Be7 $1 {[%mdl 512]} Nexd6 31. Re6 {[%csl LRd6,LRh6]} Bxf2+ 32. Kh1 Nxf5 33. Qg6+ Kh8 34. Bf6+ {Weighted Error Value: White=0.06 (flawless) /Black=0.46} 1-0

[Event "Confronto de Geracoes 2022"]
[Site "Sao Paulo"]
[Date "2022.02.06"]
[Round "4.3"]
[White "Leitao, Rafael"]
[Black "Fier, Alexandr"]
[Result "1/2-1/2"]
[WhiteElo "2592"]
[BlackElo "2572"]
[Annotator "TA"]
[PlyCount "67"]
[EventDate "2022.02.04"]
[EventType "schev"]
[EventCountry "BRA"]
[SourceTitle "playchess.com"]
[Source "ChessBase"]
[SourceQuality "1"]

{[%evp 12,67,10,0,18,0,15,0,0,0,0,0,0,0,0,0,0,0,0,0,0,0,3,0,0,0,0,0,6,0,0,0,0,0,6,-8,-9,-9,-6,-14,0,0,0,0,0,0,0,0,0,0,4,0,0,0,9,0,0,0]} 1. d4 d5 2. c4 c6 3. Nf3 Nf6 4. Nc3 e6 5. e3 Nbd7 6. Be2 Bd6 7. O-O {The position is equal.} dxc4 {D45: Semi-Slav: 5 e3.} 8. e4 e5 $1 9. dxe5 Nxe5 10. Nxe5 Bxe5 11. Qxd8+ Kxd8 12. Bxc4 Be6 13. Bxe6 fxe6 14. Rd1+ Ke7 15. f3 Rhd8 16. Be3 b6 {[#]} 17. g3 $146 ({Predecessor:} 17. a4 Rxd1+ 18. Nxd1 Bc7 19. Rc1 Rc8 20. g3 Bd6 21. Bd4 e5 22. Bf2 Nd7 23. Ne3 {1-0 (41) Bonte,A (2380)-Tufa,M (2044) Sarata Monteoru 2012}) 17... c5 18. Kf2 h6 19. Ke2 Ne8 {[%cal Bf6e8,Be8d6,Bd6b5,Bb5d4][%mdl 32]} 20. Rac1 Nd6 21. b3 Rac8 22. Nb1 Bf6 23. Bf4 {[#] aiming for e5.} Nb5 24. Rxd8 Rxd8 25. Be3 Bd4 26. a4 Bxe3 27. Kxe3 $11 {[%mdl 4096] Endgame KRN-KRN} Nd4 28. Nd2 Nc6 29. Nc4 Nb4 {[#] ...Rd3+ is the strong threat.} 30. Ne5 {Prevents Rd3+.} Kf6 31. Ng4+ Ke7 {Strongly threatening ...Rd3+.} 32. Ne5 {To avoid Rd3+} Kf6 33. Ng4+ Ke7 {And now ...Rd3+ would win.} 34. Ne5 {To avoid Rd3+. An interesting draw.  Weighted Error Value: White=0.03 (flawless) /Black=0.02 (flawless)} 1/2-1/2

[Event "Confronto de Geracoes 2022"]
[Site "Sao Paulo"]
[Date "2022.02.06"]
[Round "5.1"]
[White "Supi, Luis Paulo"]
[Black "Leitao, Rafael"]
[Result "1/2-1/2"]
[WhiteElo "2581"]
[BlackElo "2592"]
[Annotator "TA"]
[PlyCount "107"]
[EventDate "2022.02.04"]
[EventType "schev"]
[EventCountry "BRA"]
[SourceTitle "playchess.com"]
[Source "ChessBase"]
[SourceQuality "1"]

{[%evp 9,107,16,14,18,14,8,12,0,0,0,0,0,6,0,0,-5,8,20,7,0,25,9,18,0,0,0,9,0,0,0,0,0,0,0,20,26,54,58,54,54,57,58,58,58,71,70,72,57,89,82,115,55,57,62,62,55,55,55,56,55,70,43,43,0,0,0,43,43,43,43,43,8,8,0,51,43,50,43,48,8,8,8,8,0,0,0,0,0,0,0,0,0,0,0,8,0,0,0,8,0]} 1. e4 c5 2. Nf3 d6 3. d4 cxd4 4. Qxd4 Nc6 5. Qe3 Nf6 6. Be2 {B53: Sicilian: 2...d6: Lines with Qxd4.} g6 7. O-O Bg7 8. h3 O-O 9. Rd1 Nd7 10. Nc3 b6 11. Qf4 Nde5 12. Nxe5 Nxe5 13. Qh4 Bb7 14. Bh6 {[#]} Bxh6 $146 ({Predecessor:} 14... Rc8 15. Bxg7 Kxg7 16. Rd4 Nc6 17. Rd2 Ne5 18. Rd4 Nc6 19. Rd2 Ne5 20. Qg3 a6 {½-½ (68) Nitin,S (2395)-Bakre,T (2443) Kolkata 2019}) 15. Qxh6 Rc8 16. Qe3 Qc7 17. Rd4 Qc5 18. Qd2 f5 19. exf5 Rxf5 20. Bg4 Nxg4 (20... Qc6 $2 21. Nd5 Rf7 22. Be6 $18) 21. hxg4 Rf7 22. Re1 e5 23. Rxd6 Rxf2 {[#]} 24. Rxg6+ $1 hxg6 25. Qxf2 Kg7 26. g5 Qxf2+ 27. Kxf2 $14 {[%mdl 4096] Endgame KRB-KRN} Rc5 28. Rd1 Rc7 {Prevents Rd7+.} 29. Rd2 Bc6 30. Nd1 (30. Ke3 $16) 30... Rd7 31. Rxd7+ Bxd7 {KB-KN} 32. Ne3 {Threatens to win with Nc4.} Kf7 33. Ke2 Ke6 34. Kd3 Bc6 35. b4 Kd6 36. Nc4+ Ke6 37. Ne3 Kd6 $1 38. a3 Ke6 39. g3 Kd6 40. Nc4+ Ke6 41. Ne3 (41. Kd2 $11 {might be stronger.}) 41... Kd6 $1 42. Kc4 Ke6 43. a4 Kd6 (43... Bxa4 $2 44. b5 $18) 44. Kb3 Bd7 {The position is equal.} 45. c3 Be6+ 46. c4 a5 47. Kc3 {[%cal Oc4c5]} axb4+ 48. Kxb4 {[#] And now Kb5 would win.} Kc6 49. Nd1 Bg4 50. Ne3 Bf3 51. Nc2 Bd1 52. Ne3 Bf3 53. Nc2 Bd1 54. Ne3 {Weighted Error Value: White=0.07 (flawless) /Black=0.04 (flawless)} 1/2-1/2

[Event "Confronto de Geracoes 2022"]
[Site "Sao Paulo"]
[Date "2022.02.06"]
[Round "5.2"]
[White "Milos, Gilberto"]
[Black "Fier, Alexandr"]
[Result "0-1"]
[WhiteElo "2575"]
[BlackElo "2572"]
[Annotator "TA"]
[PlyCount "65"]
[EventDate "2022.02.04"]
[EventType "schev"]
[EventCountry "BRA"]
[SourceTitle "playchess.com"]
[Source "ChessBase"]
[SourceQuality "1"]

{[%evp 20,65,31,17,27,0,0,-14,0,0,0,0,0,8,15,-53,-23,-22,-42,-29,-39,-178,-181,-145,-35,-728,-672,-487,-201,-245,-255,-445,0,0,0,0,0,0,0,0,0,0,0,-778,-782,-745,-732,-1620]} 1. d4 d5 2. c4 c6 3. Nf3 Nf6 4. e3 e6 5. Bd3 Nbd7 6. b3 b6 7. O-O Bb7 8. Bb2 Be7 9. Nbd2 O-O 10. Qe2 c5 11. Rfd1 cxd4 {D30: Queen's Gambit Declined: Systems without Nc3.} 12. exd4 Rc8 13. Ne5 Rc7 {The position is equal.} 14. Ndf3 {[#]} dxc4 $146 ({Predecessor:} 14... Bd6 15. Rac1 Qe7 16. Rc2 h6 17. Bc1 Rfc8 18. h3 Nf8 19. Bf4 Ne4 20. Qe3 f6 {1-0 (75) Spiess,G (2415)-Mueller,M (2402) Germany 2013}) 15. bxc4 Nxe5 16. Nxe5 Qa8 17. Qe3 ({Better is} 17. f3 $11) 17... b5 18. cxb5 Bxg2 19. Qg3 Bd5 20. Nxf7 {[#]} Rxf7 $1 $19 21. Qxc7 Ng4 (21... Qf8 $1 $17 22. Qe5 (22. Qxa7 $2 Bd6 $19) 22... Bd6) 22. Rdc1 $2 {[%mdl 8192]} (22. Rf1 $15) 22... Nxf2 {[%cal Rf2h3]} (22... Rxf2 23. Qxe7 (23. Qc8+ $2 Kf7 $19) 23... Rg2+ 24. Kf1 Nxh2+ 25. Ke1 Nf3+ 26. Kf1 Nh2+ 27. Ke1 Nf3+ 28. Kf1 Nh2+ $11) 23. Bf1 {Inhibits Nh3+. Strongly threatening Qc8+.} Qf8 (23... Bc4 24. Bg2 Bd5 25. Qc8+ Rf8 26. Qxa8 Bxa8 27. Rc7 $18) (23... Bg5 $142 {( -> ...Nh3+)} 24. Qg3 (24. Qc8+ $2 Rf8 $19) 24... Bf4 25. Qxf2 Bxc1 26. Qxf7+ Kxf7 27. Rxc1 Qd8) 24. Qc8 (24. Qxa7 Rf5 25. Qxe7 Qxe7 26. Rc8+ Kf7 27. Bc1 Qh4 28. Rc7+ Kf6) 24... Bd8 $1 {[%mdl 1024] And now ...Rf5 would win. Black has strong compensation. Dancing on a razor blade.} 25. Rc3 $2 {[#]} (25. Rc5 Qe7 26. Rxd5 exd5 27. Ba3 (27. Bg2 $2 Nd3 $19)) 25... Ne4 $2 (25... Qe7 $1 $19 {[%cal Re7f6] ...Qf6 is the strong threat.} 26. Rac1 Qg5+ 27. Rg3 Qh4) 26. Ba3 $1 $11 Qe8 $40 {[%mdl 128] Black is up to no good.} 27. Rc2 Rf3 28. Bb4 Ng5 {[%cal Be4g5,Bg5h3,Bh3f4,Bf4g2][%mdl 32] Hoping for ...h6.} 29. Bg2 {aiming for h4.} Nh3+ 30. Kh1 Nf4 (30... Nf2+ $2 {[#]} 31. Rxf2 $1 {[%mdl 512]} (31. Kg1 Nh3+ 32. Bxh3 Rxh3 $11) 31... Rxf2 32. Bxd5 Rxh2+ 33. Kxh2 $18) 31. Ba5 $2 {[%mdl 8192]} Nxg2 $19 32. Rxg2 Rf8 33. Qxd8 {Weighted Error Value: White=0.62/Black=0.38} 0-1

[Event "Confronto de Geracoes 2022"]
[Site "Sao Paulo"]
[Date "2022.02.06"]
[Round "5.3"]
[White "Mekhitarian, Krikor Sevag"]
[Black "Vescovi, Giovanni"]
[Result "1/2-1/2"]
[WhiteElo "2562"]
[BlackElo "2606"]
[Annotator "TA"]
[PlyCount "124"]
[EventDate "2022.02.04"]
[EventType "schev"]
[EventCountry "BRA"]
[SourceTitle "playchess.com"]
[Source "ChessBase"]
[SourceQuality "1"]

{[%evp 20,124,31,26,27,5,65,54,60,57,81,32,76,47,84,75,59,45,28,36,29,43,33,31,30,-12,19,6,6,7,0,0,0,4,12,33,55,21,37,29,41,29,15,0,5,0,0,0,0,0,0,0,0,0,0,0,0,0,0,-32,-21,-35,9,14,15,-10,-8,-10,0,0,0,0,16,16,16,16,78,79,106,61,65,24,23,11,46,2,31,0,41,0,14,0,50,0,0,0,26,0,13,0,23,0,22,0,52,0,13]} 1. e4 c5 2. Nf3 e6 3. d4 cxd4 4. Nxd4 Nc6 5. Nc3 a6 6. Nxc6 bxc6 7. Bd3 d5 8. O-O Nf6 9. Qe2 Be7 10. b3 O-O 11. Bb2 Re8 {B46: Sicilian: Taimanov: 5 Nc3 a6.} 12. Rad1 Nd7 ({Black should play} 12... Bf8 $11) 13. Na4 $1 $14 Bb7 {White is slightly better.} 14. c4 {[#]} Bf8 $146 ({Predecessor:} 14... Nc5 15. Nxc5 Bxc5 16. exd5 cxd5 17. cxd5 Bxd5 18. Qc2 Qg5 19. Bxh7+ Kh8 20. Be4 Bxe4 21. Qxe4 {1-0 (50) Al Modiahki,M (2523)-Solger,B (2056) Oberwart 2002}) 15. Rfe1 (15. Qc2 $16) 15... g6 (15... Bb4 $14) 16. Qe3 (16. Qd2 {seems wilder.} Bg7 17. Bxg7 Kxg7 18. Bf1 Qf6 19. f4) 16... Bg7 17. Bxg7 {White is more active.} Kxg7 18. exd5 (18. f4 {looks sharper.} Qa5 19. Qf2 Rad8 20. f5 exf5 21. exf5 dxc4 22. fxg6 hxg6 23. Bxc4 Ne5 24. Nc5) 18... cxd5 19. cxd5 exd5 20. Qxe8 Qxe8 21. Rxe8 Rxe8 22. b4 (22. Rc1 {is superior.}) 22... Rc8 23. f3 Kf6 24. Kf2 Ke5 25. Ke3 Kd6 26. a3 Bc6 27. Nc3 Ra8 28. Bb1 {[%cal Oc3d5]} Re8+ 29. Kf2 h6 30. Be4 {[%cal Rc3d5]} Nb6 31. Bd3 Ra8 32. Ke3 a5 33. b5 Bb7 34. Kd4 Nd7 35. Na4 Rc8 36. f4 Nf8 37. g3 Ne6+ 38. Ke3 Re8 {[#] Threatens to win with ...Nc5+.} 39. Kd2 Nd4 40. Rf1 {Inhibits Nf3+.} Nb3+ (40... h5 $15) 41. Kc3 $11 Re3 {[%cal Ob7c8]} 42. Nb2 Nc5 43. Kd2 Re7 44. Bc2 Bc8 45. Na4 Bd7 46. Nxc5 Kxc5 {[%mdl 4096] Endgame KRB-KRB} 47. a4 Be6 (47... Bg4 $11) 48. Rc1 $16 {aiming for Bxg6+.} Kb4 {[#]} 49. Rb1+ (49. Bd1 $1 $16) 49... Kc5 50. Bd3 (50. Bd1 $14) 50... Rb7 $11 51. h4 d4 52. Be4 (52. g4 $14) 52... Rb8 53. Bd3 Bd5 (53... Rb7 $11) 54. Rb2 (54. g4 $14 {feels stronger.}) 54... Rb7 55. Rb1 Rb8 (55... Be6 $11) 56. Kc2 (56. g4 $14) 56... Re8 57. Kd2 Rb8 58. Rb2 Rb6 59. Rb1 Rb7 60. Rb2 Rb8 61. Rb1 Rb6 ({Better is} 61... Rb7 $11) 62. Rb2 Rb8 {Weighted Error Value: White=0.14 (very precise) /Black=0.17 (very precise)} 1/2-1/2

[Event "Confronto de Geracoes 2022"]
[Site "Sao Paulo"]
[Date "2022.02.06"]
[Round "6.1"]
[White "Milos, Gilberto"]
[Black "Supi, Luis Paulo"]
[Result "0-1"]
[WhiteElo "2575"]
[BlackElo "2581"]
[Annotator "TA"]
[PlyCount "60"]
[EventDate "2022.02.04"]
[EventType "schev"]
[EventCountry "BRA"]
[SourceTitle "playchess.com"]
[Source "ChessBase"]
[SourceQuality "1"]

{[%evp 14,60,57,22,30,22,28,0,0,12,0,16,14,-12,-13,-52,-31,-41,-44,-52,-54,-44,-47,-93,-91,-112,-100,-89,-90,-80,-71,-103,-107,-539,-531,-518,-514,-514,-493,-29978,-29979,-29985,-29986,-29990,-29991,-29993,-29993,-29995,-29996]} 1. d4 Nf6 2. c4 g6 3. Nc3 Bg7 4. e4 d6 5. Be2 O-O 6. Be3 e5 {6...Na6 deserves study.} 7. d5 Na6 8. h4 {[%cal Bh2h4,Bh4h5][%mdl 32]} Nc5 {E73: King's Indian: Averbakh Variation without 6...c5.} 9. Qc2 c6 10. h5 (10. Bxc5 $5 dxc5 11. h5 $11 (11. Nf3 Bg4 $11)) 10... cxd5 {The position is equal.} 11. cxd5 ({Of course not} 11. h6 d4 12. hxg7 Re8 $15) 11... Qa5 $1 {Strongly threatening ...Ncxe4.} 12. Bd2 Bd7 {[#]} 13. hxg6 $146 ({Predecessor:} 13. h6 Bh8 14. Nh3 Qc7 15. Ng5 Rac8 16. Qd1 a5 17. O-O Qd8 18. Rb1 Ne8 19. b3 {1-0 (40) Koneru,H (2580)-Yip,C (2412) Saint Louis 2020}) 13... fxg6 14. Nh3 Rac8 $1 15. Ng5 h6 16. Ne6 Nxe6 17. dxe6 Bxe6 18. Bxh6 (18. Rd1 $15) 18... Bxh6 $17 19. Rxh6 {[#]} Kg7 {Active counter play!} 20. Rh4 d5 21. exd5 ({Avoid the trap} 21. Qd2 $2 d4 22. Nd1 (22. b4 $2 Qxb4 23. Nd1 Qxd2+ 24. Kxd2 g5 $19) 22... Qxd2+ 23. Kxd2 g5 $19) 21... Nxd5 22. Qd2 Nf4 $36 {[%mdl 2048] Black is on the roll.} 23. Bf1 {[%mdl 8192]} (23. Kf1 $17 {was the crucial defense.}) 23... Rfd8 $19 {[%cal Bf8d8,Bd8d3,Bd3d4,Bd4e4][%mdl 32]} 24. Qe3 {[%cal Ob2b4] [#]} Rd3 $3 {[%mdl 512] ( -> ...Rcxc3)} 25. Qc1 Rd4 {Threatens to win with ...Re4+.} 26. g3 (26. Qe3 $19 Bf5 27. Rxf4 Rxf4 28. Be2) 26... Re4+ {Black mates.} 27. Kd1 Qd8+ 28. Kc2 {[#]} Bf5 $1 29. Kb3 (29. Qd2 Re2+) 29... Qb6+ 30. Bb5 {[#]} Rxc3+ $1 {[%mdl 512] White got outplayed after the opening.  Weighted Error Value: White=0.68/Black=0.00 (flawless)} 0-1